| 000 | 00691nam a2200229 i 4500 | ||
|---|---|---|---|
| 001 | 104926 | ||
| 003 | ES-MaACL | ||
| 005 | 20230906183727.0 | ||
| 007 | t| | ||
| 008 | 060529q19001999xxk ||||1| eng d | ||
| 080 | _a165 | ||
| 100 | 1 |
_aLocke, John. _973046 |
|
| 245 | 1 | 3 |
_aAn essay concerning human understanding / _cby John Locke. |
| 260 |
_aLondon : _bGeorge Routledge, _c[19-?] |
||
| 300 |
_aXVI, 664 p. ; _c19 cm. |
||
| 490 | 1 | _aSir John Lubbock's hundred books | |
| 500 | _aBiblioteca Jacinto MartĂnez Lacalle. | ||
| 650 | 4 |
_aEpistemologĂa. _912338 |
|
| 830 | 0 |
_aSir John Lubbock's hundred books _9184872 |
|
| 852 |
_aES-MaACL _jE-11312 _bR.138966 |
||
| 999 |
_c104926 _d104926 |
||